India and South Asia / (Record no. 17034)
[ view plain ]
| 000 -LEADER | |
|---|---|
| fixed length control field | 00399cam a2200157Ia 4500 |
| 020 ## - INTERNATIONAL STANDARD BOOK NUMBER | |
| ISBN | 0070249547 |
| 040 ## - CATALOGING SOURCE | |
| Transcribing agency | THM |
| 082 ## - DEWEY DECIMAL CLASSIFICATION NUMBER | |
| Classification number | 954 DUS 1999 A087 Or. |
| 100 1# - MAIN ENTRY--AUTHOR NAME | |
| Personal name | Norton, James H. K |
| 245 10 - TITLE STATEMENT | |
| Title | India and South Asia / |
| 250 ## - EDITION STATEMENT | |
| Edition statement | 4th ed |
| 260 ## - PUBLICATION, DISTRIBUTION, ETC. (IMPRINT) | |
| Place of publication | Guilford, Conn. : |
| Name of publisher | Dushkin/McGraw-Hill, |
| Year of publication | c1999 |
| 300 ## - PHYSICAL DESCRIPTION | |
| Number of Pages | x, 214 p. : |
| Other physical details | ill., maps ; |
| Dimensions | 28 cm |
| 490 1# - SERIES STATEMENT | |
| Series statement | Global studies |
| 942 ## - ADDED ENTRY ELEMENTS (KOHA) | |
| Koha item type | សៀវភៅភាសាអង់គ្លេស |
| 952 ## - LOCATION AND ITEM INFORMATION (KOHA) | |
| Withdrawn status [LOCAL, KOHA] | 0 |
| Permanent Location | Date acquired | Koha item type | Lost status | Shelving location | Barcode | Current Location | Full call number |
|---|---|---|---|---|---|---|---|
| Library Block A | 2018-07-18 | សៀវភៅភាសាអង់គ្លេស | A087 | A33857 | Library Block A | 954 DUS 1999 A087 Or. |